| 000 | 00461nam a2200145Ia 4500 | ||
|---|---|---|---|
| 008 | 220214s9999 xx 000 0 und d | ||
| 022 | _a0021-9258 | ||
| 245 | 0 | _aJOURNAL OF BIOLOGICAL CHEMISTRY | |
| 260 |
_bAmerican Society for Biochemistry and Molecular biology, Bethesda _aUSA |
||
| 310 | _a36y | ||
| 500 | _aEnding Volume & Year: 265, 1990 | ||
| 500 | _aMissing Volume: 257(11);258(1);259(23) | ||
| 500 | _aStarting Volume & Year: 253, 1978 | ||
| 942 | _cBJ | ||
| 999 |
_c11179 _d11179 |
||